Rekordziści krajów w długości lotu w skokach narciarskich - Statystyki

Ogólne statystyki
  • Ten quiz został rozwiązany 57 razy
  • Średni wynik to 12 z 50
Statystyki odpowiedzi
kraj miasto rok rekordu długość Odpowiedź % Poprawnych
Austria Vikersund 2017 253,5 m Stefan Kraft
98%
Polska Planica 2017 251,5 m Kamil Stoch
77%
Słowenia Vikersund 2015 250 m Peter Prevc
75%
Japonia Planica 2019 252 m Ryoyu Kobayashi
75%
Szwajcaria Vikersund 2017 239,5 m Simon Ammann
68%
USA Vikersund 2017 244,5 m Kevin Bickner
66%
Norwegia Vikersund 2017 252 m Robert Johansson
64%
Niemcy Planica 2017 oraz 2019 248 m Markus Eisenbichler
62%
Włochy Planica 2017 232,5 m Alex Insam
60%
Kanada Planica 2016 224 m Mackenzie Boyd-Clowes
58%
Bułgaria Planica 2019 214,5 m Vladimir Zografski
57%
Rosja Planica 2020 237 m Jewgienij Klimow
53%
Estonia Planica 2019 228 m Artti Aigro
51%
Czechy Planica 2010 236 m Antonín Hájek
43%
Finlandia Vikersund 2011 240 m Janne Happonen
40%
Kazachstan Vikersund 2019 199,5 m Siergiej Tkaczenko
32%
Francja Vikersund 2016 230,5 m Vincent Descombes Sevoie
28%
Ukraina Planica 2020 195,5 m Witalij Kaliniczenko
23%
Grecja Oberstdorf 2013 183 m Nikos Polichronidis
15%
Rumunia Zakopane 2021 133 m Andrei Feldorean
13%
Korea Płd. Planica 2008 207,5 m Choi Heung-chul
11%
Kirgistan Innsbruck 2002 124 m Dmitrij Czwykow
11%
Wielka Brytania Whistler 2019 134,5 m Sam Bolton
11%
Hiszpania Tauplitz 1986 141 m Bernat Solà
9%
Szwecja Planica 2007 207,5 m Isak Grimholm
9%
Łotwa Val di Fiemme 2013 123 m Kristaps Nežborts
9%
Uganda gdzieś w Norwegii lata 90, XX wieku 87 m Dunstan Odeke
8%
Słowacja Tauplitz 2006 195,5 m Martin Mesík
8%
Holandia Tauplitz 2005 197 m Boy van Baarle
6%
Turcja Ruka 2016 145 m Muhammed Münir Güngen
6%
Serbia Planica 2019 65 m Nikola Stevanović
6%
Białoruś Tauplitz 2006 197,5 m Piotr Czaadajew
6%
Islandia Lillehammer 2020 95 m Anton Øyvindsson
4%
Australia Westbu 1997 57,5 m Bruce Neville
4%
Belgia Hohnhart 2019 37 m Jeno Farinon
4%
Andora La Molina 1992 64,5 m Tomás Cano
4%
Dania Lillehammer początek XXI wieku 137 m Andreas Bjelke Nygaard
2%
Bośnia i Hercegowina Hahorina 1949 36 m Džemo Zahirović
2%
Grenlandia Oslo 1956 45 m Hans Holm
2%
Gruzja Vikersund 1960 142 m Koba Cakadze
2%
Chiny Laiyuan 2021 141,5 m Song Qiwu
2%
Litwa Niżny Nowogród 1960 86 m Zbigniew Kiwert
2%
Chile Farellones 1955 30 m Alfredo Aliaga
0%
Czarnogóra Zabljak 1962 46 m Božo Čvorović
0%
Nowa Zelandia Góra Cooka 1937 18,6 m Brian McMillan
0%
Węgra Harrachov 1980 139 m Gábor Gellér
0%
Macedonia Płn. Planica 1952 62 m Goga Popow Pomładiot
0%
Chorwacja Planica lata 40. XX wieku 102 m Josip Šporer
0%
Argentyna Farellones 1954 25 m Luis de Ridder
0%
Liechtenstein Riezlern 1981 54,5 m Norbert Frick
0%
Nie znaleziono quizów pasujących do podanych kryteriów
Rozkład punktacji
Procent ludzi z każdym wynikiem
Percentyl według liczby udzielonych odpowiedzi
Twoja historia wyników
Nie rozwiązałeś tego quizu